|
|
|
|
| LEADER |
00000nam0a2200000 4500 |
| 001 |
278232 |
| 005 |
20231101235107.0 |
| 035 |
|
|
|a (RuTPU)RU\TPU\book\301509
|
| 090 |
|
|
|a 278232
|
| 100 |
|
|
|a 20141209d1985 m y0rusy5003 ca
|
| 101 |
0 |
|
|a rus
|
| 102 |
|
|
|a RU
|
| 105 |
|
|
|a a j 001zy
|
| 200 |
1 |
|
|a Пожарно-строевая подготовка
|e учебное пособие
|f В. А. Бушмин, В. И. Плеханов, А. В. Сафронов
|
| 205 |
|
|
|a 2-е изд., перераб. и доп.
|
| 210 |
|
|
|a Москва
|c Стройиздат
|d 1985
|
| 215 |
|
|
|a 223 с.
|c ил.
|
| 320 |
|
|
|a Библиогр.: с. 217
|
| 320 |
|
|
|a Предметный указатель: с. 217-221
|
| 606 |
1 |
|
|a Пожарно-строевая подготовка
|2 stltpush
|3 (RuTPU)RU\TPU\subj\49944
|9 68704
|
| 610 |
1 |
|
|a назначение
|
| 610 |
1 |
|
|a задачи
|
| 610 |
1 |
|
|a техника безопасности
|
| 610 |
1 |
|
|a правила
|
| 610 |
1 |
|
|a инструкторско-методическая подготовка
|
| 610 |
1 |
|
|a пожарно-прикладной спорт
|
| 610 |
1 |
|
|a возникновение
|
| 610 |
1 |
|
|a соревнования
|
| 675 |
|
|
|a 614.842.8(075.8)
|v 4
|
| 700 |
|
1 |
|a Бушмин
|b В. А.
|g Вячеслав Алексеевич
|
| 701 |
|
1 |
|a Плеханов
|b В. И.
|g Валерий Иванович
|
| 701 |
|
1 |
|a Сафронов
|b А. В.
|g Андрей Васильевич
|
| 801 |
|
0 |
|a RU
|b RuMRKP
|c 19950704
|g psbo
|
| 801 |
|
1 |
|a RU
|b 63413507
|c 20141209
|
| 801 |
|
2 |
|a RU
|b 63413507
|c 20170410
|g RCR
|
| 942 |
|
|
|c BK
|